000 01583cam a22003737i 4500
999 _c41472
_d41472
001 18303797
003 OSt
005 20220524145937.0
008 140915s2016 at a b 001 0 eng
010 _a 2014951194
020 _a9781305116641 (Student Edition)
020 _a130511664X
020 _a9781305630505 (Looseleaf Edition)
040 _aDLC
_beng
_cDLC
_erda
_dDLC
050 0 0 _aMLCM 2015/41866 (B)
082 _a155
_bKAI/H
100 1 _aKail, Robert V.
_99034
245 1 0 _aHuman Development :
_bA Life-Span View /
_cRobert V. Kail, Purdue University, John C. Cavanuagh, Consortium of Universities of the Washington Metropolitan Area.
250 _a7E.
264 1 _aAustralia :
_bCENGAGE Learning,
_c[2016]
300 _axxxiii, 688 pages :
_billustrations ;
_c29 cm
336 _atext
_btxt
_2rdacontent
337 _aunmediated
_bn
_2rdamedia
338 _avolume
_bnc
_2rdacarrier
500 _a"WCN: 01-100-101"--verso of T.p.
504 _aIncludes bibliographical references (pages 595-656) and indexes.
650 0 _aDevelopmental psychology.
856 4 2 _3Contributor biographical information
_uhttp://www.loc.gov/catdir/enhancements/fy1603/2014951194-b.html
856 4 2 _3Publisher description
_uhttp://www.loc.gov/catdir/enhancements/fy1603/2014951194-d.html
856 4 1 _3Table of contents only
_uhttp://www.loc.gov/catdir/enhancements/fy1603/2014951194-t.html
906 _a7
_bcbc
_corignew
_d4
_eepcn
_f20
_gy-gencatlg
942 _2ddc
_cBK
_h155
_iKAI/H
_k155
_mKAI/H